[Event "Lisbon Portugal rapid op"]
[Site "Lisbon"]
[Date "2018.02.10"]
[Round "5"]
[White "Medeiros, Jose"]
[Black "Nanques, Helder Manuel Perei"]
[Result "1-0"]
[WhiteElo "1891"]
[BlackElo "1912"]
[PlyCount "103"]
[EventDate "2018.02.10"]
[EventType "swiss (rapid)"]
[EventRounds "8"]
[EventCountry "POR"]
[SourceTitle "CBM 182 Extra"]
[Source "ChessBase"]
[SourceDate "2018.02.23"]
[SourceVersion "1"]
[SourceVersionDate "2018.02.23"]
[SourceQuality "1"]

1. e4 e6 2. d4 d5 3. e5 c5 4. c3 Nc6 5. Nf3 Bd7 6. Bd3 Qb6 7. 0-0 cxd4 8. cxd4 Nxd4 9. Nxd4 Qxd4 10. Nc3 Qh4 11. Nb5 Qd8 12. Qg4 a6 13. Nd6+ Bxd6 14. Qxg7 Bxe5 15. Qxe5 Qf6 16. Qg3 Ne7 17. Bg5 Qg7 18. Qh4 Ng6 19. Qb4 f6 20. Qxb7 0-0 21. Bxg6 hxg6 22. Bh6 Qxh6 23. Qxd7 Rfe8 24. Rac1 Qg7 25. Qd6 Qe7 26. Rc6 Kf7 27. Rc7 Ra7 28. Rfc1 Kf8 29. Rxe7 Raxe7 30. Rc7 Kf7 31. Rxe7+ Rxe7 32. Qxa6 Rd7 33. f3 d4 34. Qd3 e5 35. b4 f5 36. a4 Ke6 37. b5 Kd5 38. a5 e4 39. fxe4+ fxe4 40. Qb3+ Ke5 41. Kf1 Kf4 42. b6 d3 43. b7 d2 44. b8Q+ Kf5 45. Ke2 d1Q+ 46. Qxd1 Re7 47. Qd5+ Kf6 48. Qbd8 e3 49. Q5d6+ Kf5 50. Q8xe7 Kg4 51. Qg3+ Kh5 52. Qeg5# 1-0

[Event "Lisbon Portugal rapid op"]
[Site "Lisbon"]
[Date "2018.02.10"]
[Round "2"]
[White "Nanques, Helder Manuel Perei"]
[Black "Savanovic, Aleksandar"]
[Result "1/2-1/2"]
[WhiteElo "1912"]
[BlackElo "2448"]
[PlyCount "154"]
[EventDate "2018.02.10"]
[EventType "swiss (rapid)"]
[EventRounds "8"]
[EventCountry "POR"]
[SourceTitle "CBM 182 Extra"]
[Source "ChessBase"]
[SourceDate "2018.02.23"]
[SourceVersion "1"]
[SourceVersionDate "2018.02.23"]
[SourceQuality "1"]

1. b3 e5 2. Bb2 Nc6 3. e3 d5 4. Bb5 Bd6 5. Nf3 f6 6. d4 e4 7. Nh4 g6 8. g3 f5 9. Nd2 Nf6 10. Ng2 0-0 11. h4 Ne7 12. Be2 Be6 13. c4 c6 14. Qc2 Kg7 15. Bc3 h6 16. c5 Bc7 17. b4 Qd7 18. a4 g5 19. b5 Ng4 20. Nf1 Ng6 21. Bxg4 fxg4 22. Rb1 Qf7 23. hxg5 hxg5 24. bxc6 bxc6 25. Qe2 Rab8 26. Nd2 Rxb1+ 27. Nxb1 Qf3 28. Rg1 Bc8 29. Nd2 Qxe2+ 30. Kxe2 Ba6+ 31. Ke1 Rh8 32. Nb3 Ne7 33. Kd2 Rf8 34. Ke1 Rb8 35. Nd2 Rh8 36. Nb3 Kg6 37. Kd2 Rb8 38. Nc1 Rf8 39. Ke1 Bc4 40. Rh1 Nf5 41. Ne2 Rb8 42. Kd2 Rb3 43. Nc1 Ra3 44. Rh8 Ne7 45. Ne1 Rxa4 46. Nc2 Ba5 47. Re8 Kf7 48. Rb8 Bxc3+ 49. Kxc3 Ra5 50. Rb7 a6 51. Rb2 Rb5 52. Nb4 a5 53. Nc2 Ke6 54. Na3 Rxb2 55. Kxb2 Bb5 56. Nb3 a4 57. Nd2 Be2 58. Kc3 Nc8 59. Kb4 Bd1 60. Ndb1 Na7 61. Nc3 Bb3 62. Nxa4 Bxa4 63. Kxa4 Kd7 64. Ka5 Kc7 65. Ka6 Nc8 66. Nc2 Kb8 67. Nb4 Kc7 68. Nc2 Kb8 69. Nb4 Kc7 70. Nc2 Ne7 71. Ka7 Nf5 72. Ka6 Nh4 73. Ne1 Ng6 74. Nc2 Ne7 75. Ka7 Nf5 76. Ka6 Nh4 77. Ne1 Nf5 1/2-1/2

[Event "POR-ch prel"]
[Site "Lisbon"]
[Date "2015.03.11"]
[Round "6"]
[White "Nanques, Helder Manuel Perei"]
[Black "Oliveira, Luis Manuel Farinha"]
[Result "1-0"]
[WhiteElo "1931"]
[BlackElo "1656"]
[PlyCount "59"]
[EventDate "2015.03.08"]
[EventType "swiss"]
[EventRounds "9"]
[EventCountry "POR"]
[SourceTitle "EXT 2018"]
[Source "ChessBase"]
[SourceDate "2017.10.13"]
[SourceVersion "1"]
[SourceVersionDate "2017.10.13"]
[SourceQuality "1"]

1. b3 e5 2. Bb2 d6 3. e3 Nf6 4. d4 exd4 5. Qxd4 Nc6 6. Bb5 Bd7 7. Qf4 Be7 8. Nc3 a6 9. Be2 Ne5 10. Nf3 Ng6 11. Qd4 c6 12. 0-0-0 c5 13. Qd2 b5 14. Nd5 Be6 15. Nxe7 Kxe7 16. Ng5 h6 17. Bxf6+ gxf6 18. Ne4 d5 19. Nxc5 Qd6 20. Nd3 a5 21. Kb1 Rhb8 22. Bf3 Ne5 23. Nxe5 Qxe5 24. Qd4 Qc7 25. Bxd5 Rd8 26. Qe4 Rac8 27. Bxe6 fxe6 28. Rxd8 Kxd8 29. Rd1+ Ke7 30. Qh7+ 1-0

[Event "Lisbon-ch"]
[Site "Lisbon"]
[Date "2015.01.27"]
[Round "1"]
[White "Nanques, Helder Manuel Perei"]
[Black "Fortunato, Antonio Eduardo"]
[Result "0-1"]
[WhiteElo "1922"]
[BlackElo "1691"]
[PlyCount "110"]
[EventDate "2015.01.27"]
[EventType "swiss"]
[EventRounds "7"]
[EventCountry "POR"]
[SourceTitle "CBM 164 Extra"]
[Source "ChessBase"]
[SourceDate "2015.03.02"]
[SourceVersion "1"]
[SourceVersionDate "2015.03.02"]
[SourceQuality "1"]

1. b3 e6 2. Bb2 Nf6 3. e3 c5 4. Nf3 Be7 5. Be2 0-0 6. 0-0 d5 7. d4 b6 8. Nbd2 Bb7 9. Ne5 Nc6 10. Ndf3 Nd7 11. Nxd7 Qxd7 12. dxc5 Bxc5 13. Bd3 Qe7 14. h4 e5 15. Bxh7+ Kxh7 16. Ng5+ Kh6 17. e4 f6 18. Bc1 dxe4 19. Ne6+ Kh7 20. Nxf8+ Rxf8 21. Qh5+ Kg8 22. c3 Qf7 23. Qf5 Ne7 24. Qd7 Nd5 25. Qxf7+ Rxf7 26. b4 Be7 27. Bd2 f5 28. g3 f4 29. a3 fxg3 30. fxg3 Bf6 31. c4 Nc7 32. Be3 Ne6 33. a4 Nd4 34. Ra2 Rc7 35. Rc1 Be7 36. Rb2 Ba6 37. b5 Ba3 38. bxa6 Bxb2 39. Rb1 Ba3 40. a5 Bc5 41. axb6 Bxb6 42. Rb4 Nf3+ 43. Kf2 Nd4 44. g4 Rf7+ 45. Kg2 Nc2 46. Rb5 Nxe3+ 47. Kh3 Nxc4 48. g5 g6 49. h5 gxh5 50. Kh4 e3 51. g6 Rf1 52. Rd5 e2 53. Rd7 e1Q+ 54. Kg5 Qg3+ 55. Kh6 Be3+ 0-1

[Event "POR-chT"]
[Site "Caldas da Rainha"]
[Date "2014.08.23"]
[Round "9.3"]
[White "Nanques, Helder Manuel Perei"]
[Black "Dias, Ivo Rodrigues"]
[Result "1/2-1/2"]
[WhiteElo "1944"]
[BlackElo "1986"]
[PlyCount "70"]
[EventDate "2014.08.17"]
[EventType "team-tourn"]
[EventRounds "9"]
[EventCountry "POR"]
[SourceTitle "CBM 161 Extra"]
[Source "ChessBase"]
[SourceDate "2014.08.29"]
[SourceVersion "1"]
[SourceVersionDate "2014.08.29"]
[SourceQuality "1"]
[WhiteTeam "EDP"]
[BlackTeam "AAD NXVSC"]
[WhiteTeamCountry "POR"]
[BlackTeamCountry "POR"]

1. b3 Nf6 2. Bb2 g6 3. Bxf6 exf6 4. c4 Bg7 5. g3 0-0 6. Bg2 Nc6 7. e3 d6 8. Ne2 Bd7 9. 0-0 Re8 10. d4 Rb8 11. Nbc3 f5 12. Rb1 a5 13. a3 Ne7 14. Qd3 h6 15. Rfd1 c6 16. Nf4 Qc7 17. Rbc1 Kh8 18. Kh1 Ng8 19. e4 fxe4 20. Bxe4 Nf6 21. Bg2 Bf5 22. Qd2 Re7 23. Re1 Rbe8 24. Rxe7 Qxe7 25. Kg1 Kg8 26. Kf1 Kf8 27. Re1 Qxe1+ 28. Qxe1 Rxe1+ 29. Kxe1 Bc2 30. b4 axb4 31. axb4 g5 32. Nfe2 Bb3 33. c5 Ke7 34. Ne4 Nxe4 35. Bxe4 dxc5 1/2-1/2

[Event "POR-chT"]
[Site "Caldas da Rainha"]
[Date "2014.08.21"]
[Round "7.2"]
[White "Nanques, Helder Manuel Perei"]
[Black "Goncalves, Luis Augusto Soares"]
[Result "1-0"]
[WhiteElo "1944"]
[BlackElo "1894"]
[PlyCount "77"]
[EventDate "2014.08.17"]
[EventType "team-tourn"]
[EventRounds "9"]
[EventCountry "POR"]
[SourceTitle "CBM 161 Extra"]
[Source "ChessBase"]
[SourceDate "2014.08.29"]
[SourceVersion "1"]
[SourceVersionDate "2014.08.29"]
[SourceQuality "1"]
[WhiteTeam "EDP"]
[BlackTeam "Escola Joao de Meira"]
[WhiteTeamCountry "POR"]
[BlackTeamCountry "POR"]

1. b3 d5 2. e3 Nf6 3. Bb2 g6 4. f4 Bg7 5. Nf3 Bg4 6. Be2 Bxf3 7. Bxf3 0-0 8. 0-0 Nbd7 9. g4 c6 10. h4 h5 11. g5 Ne8 12. d4 Nd6 13. Qd3 Nf5 14. Bxh5 Nc5 15. dxc5 Bxb2 16. Nd2 Bxa1 17. Rxa1 e5 18. Bg4 e4 19. Qe2 Kg7 20. Bxf5 gxf5 21. Rd1 Qe7 22. Nf1 Rh8 23. Ng3 Qe6 24. h5 Rag8 25. c4 Rd8 26. h6+ Kh7 27. Nh5 Rhg8 28. Kf2 Rg6 29. Qb2 f6 30. Nxf6+ Rxf6 31. gxf6 Rf8 32. cxd5 cxd5 33. Qd4 Qxf6 34. Qxf6 Rxf6 35. Rxd5 Rxh6 36. Rd7+ Kg8 37. Rxb7 Rh2+ 38. Kg3 Rxa2 39. c6 1-0

[Event "Lisbon Honra-B"]
[Site "Lisbon"]
[Date "2014.06.10"]
[Round "5"]
[White "Nanques, Helder Manuel Perei"]
[Black "Belo, Miguel Angelo Petin"]
[Result "1/2-1/2"]
[WhiteElo "1936"]
[BlackElo "1856"]
[PlyCount "38"]
[EventDate "2014.06.08"]
[EventType "tourn"]
[EventRounds "9"]
[EventCountry "POR"]
[SourceTitle "EXT 2015"]
[Source "ChessBase"]
[SourceDate "2014.11.20"]
[SourceVersion "1"]
[SourceVersionDate "2014.11.20"]
[SourceQuality "1"]

1. d4 d5 2. Bf4 Nf6 3. Nf3 Bf5 4. h3 e6 5. e3 Be7 6. Bd3 Bxd3 7. Qxd3 c6 8. 0-0 Nbd7 9. Nbd2 0-0 10. c4 Nh5 11. Bh2 f5 12. cxd5 exd5 13. Qb3 Qb6 14. Ne5 Qxb3 15. Nxb3 Nxe5 16. Bxe5 Rf7 17. Rac1 f4 18. Nc5 Bxc5 19. Rxc5 fxe3 1/2-1/2

[Event "Lisbon Honra-B"]
[Site "Lisbon"]
[Date "2014.06.08"]
[Round "2"]
[White "Soares, Pedro Jose Garcia P"]
[Black "Nanques, Helder Manuel Perei"]
[Result "0-1"]
[WhiteElo "1724"]
[BlackElo "1936"]
[PlyCount "100"]
[EventDate "2014.06.08"]
[EventType "tourn"]
[EventRounds "9"]
[EventCountry "POR"]
[SourceTitle "EXT 2015"]
[Source "ChessBase"]
[SourceDate "2014.11.20"]
[SourceVersion "1"]
[SourceVersionDate "2014.11.20"]
[SourceQuality "1"]

1. d4 Nf6 2. Nf3 g6 3. c4 Bg7 4. Nc3 d5 5. cxd5 Nxd5 6. e4 Nxc3 7. bxc3 0-0 8. Be2 c5 9. Be3 Nc6 10. 0-0 cxd4 11. cxd4 Bg4 12. Rb1 b6 13. d5 Ne5 14. Nd4 Bxe2 15. Qxe2 Qd7 16. h3 Rfc8 17. Rfc1 Qa4 18. Kh1 Kf8 19. f4 Nd7 20. Qb5 Qxb5 21. Nxb5 a6 22. Nc7 Rab8 23. Nxa6 Rxc1+ 24. Rxc1 Ra8 25. e5 Bh6 26. e6 fxe6 27. dxe6 Nf6 28. Nb4 Nh5 29. Nd5 Ng3+ 30. Kh2 Nf5 31. Bf2 Rxa2 32. Kg1 Rd2 33. Nxb6 Bxf4 34. Nd7+ Kg7 35. Rf1 Re2 36. g4 Ne3 37. Bxe3 Bxe3+ 38. Kh1 Bf2 39. Nf8 Kxf8 40. Kg2 Kg7 41. Rxf2 Rxf2+ 42. Kxf2 Kf6 43. Ke3 Kxe6 44. Kf4 h6 45. Ke4 Kd6 46. Kd4 e5+ 47. Ke4 Ke6 48. h4 h5 49. Kf3 Kd5 50. Kg3 Ke4 0-1

[Event "Lisbon Check Mate op 1st"]
[Site "Lisbon"]
[Date "2013.08.15"]
[Round "7.16"]
[White "Rocha, Manuel Fernando"]
[Black "Nanques, Helder Manuel Perei"]
[Result "1/2-1/2"]
[WhiteElo "1872"]
[BlackElo "1905"]
[PlyCount "182"]
[EventDate "2013.08.10"]
[EventType "swiss"]
[EventRounds "7"]
[EventCountry "POR"]
[SourceTitle "EXT 2015"]
[Source "ChessBase"]
[SourceDate "2014.11.20"]
[SourceVersion "1"]
[SourceVersionDate "2014.11.20"]
[SourceQuality "1"]

1. e4 e6 2. d4 d5 3. e5 c5 4. c3 Nc6 5. Nf3 Qb6 6. a3 cxd4 7. cxd4 Nge7 8. b4 Ng6 9. Nc3 Be7 10. Be2 0-0 11. Be3 Bd7 12. 0-0 Rac8 13. Qd2 f6 14. exf6 Bxf6 15. Na4 Qd8 16. Nc5 b6 17. Nxd7 Qxd7 18. Bb5 Qb7 19. Qe2 Nb8 20. Rac1 a6 21. Bd3 Nh8 22. Bg5 Rce8 23. Bf4 b5 24. Rc7 Qb6 25. Qc2 g6 26. Be5 Rf7 27. Rxf7 Kxf7 28. Rc1 Nd7 29. Qc7 Rd8 30. Bxf6 Kxf6 31. g4 Qxc7 32. g5+ Ke7 33. Rxc7 Kd6 34. Ra7 Nb8 35. Rxh7 Nc6 36. Kg2 Rb8 37. h4 Rg8 38. Kf1 Re8 39. Ke2 Rf8 40. Rg7 Ne7 41. Ne5 Rf4 42. Rh7 Rxd4 43. Nf3 Rf4 44. Rxh8 e5 45. Ra8 e4 46. Rxa6+ Kc7 47. Bxb5 exf3+ 48. Ke3 Re4+ 49. Kxf3 Nf5 50. Bd3 Nxh4+ 51. Kg3 Nf5+ 52. Kg2 Rg4+ 53. Kf3 Rxg5 54. Bxf5 Rxf5+ 55. Ke3 g5 56. f3 Rf4 57. b5 d4+ 58. Kd3 Kb7 59. a4 Rxf3+ 60. Kxd4 Rf1 61. a5 g4 62. Rg6 Rd1+ 63. Ke4 Ra1 64. a6+ Kb8 65. Rxg4 Ra4+ 66. Kf3 Ra3+ 67. Ke2 Ka7 68. Rg7+ Ka8 69. Kd2 Rb3 70. Rg5 Ka7 71. Kc2 Rb4 72. Kc3 Rb1 73. Kc4 Rc1+ 74. Kd5 Kb6 75. Kd6 Rd1+ 76. Rd5 Rh1 77. Kd7 Rh8 78. Re5 Rh7+ 79. Kd6 Rh6+ 80. Ke7 Rh7+ 81. Kf6 Ra7 82. Rd5 Rh7 83. Ke5 Rg7 84. Kd4 Rg4+ 85. Kc3 Rg3+ 86. Kc4 Rg4+ 87. Rd4 Rg6 88. Kb4 Rf6 89. a7 Kxa7 90. Ka5 Rf7 91. b6+ Kb7 1/2-1/2

[Event "POR-ch sf"]
[Site "Amadora"]
[Date "2009.09.06"]
[Round "2"]
[White "Vasques, Antonio Pedro Freix"]
[Black "Nanques, Helder Manuel Perei"]
[Result "1-0"]
[WhiteElo "2069"]
[BlackElo "1922"]
[PlyCount "49"]
[EventDate "2009.09.05"]
[EventType "swiss"]
[EventRounds "9"]
[EventCountry "POR"]
[SourceTitle "EXT 2015"]
[Source "ChessBase"]
[SourceDate "2014.11.20"]
[SourceVersion "1"]
[SourceVersionDate "2014.11.20"]
[SourceQuality "1"]

1. e4 d5 2. exd5 Qxd5 3. Nc3 Qd6 4. d4 Nf6 5. Nf3 Bf5 6. Bc4 e6 7. Bg5 Be7 8. Qe2 0-0 9. h3 Nbd7 10. Bb3 c6 11. Rd1 Rfe8 12. 0-0 Qc7 13. Nh4 Bg6 14. f4 Bb4 15. f5 exf5 16. Qc4 Bxc3 17. Bf4 Bxd4+ 18. Rxd4 Qb6 19. Nxg6 hxg6 20. Qxf7+ Kh7 21. c3 c5 22. Bc7 Qxc7 23. Rh4+ Nh5 24. Rxh5+ gxh5 25. Qxh5# 1-0

[Event "Lisbon-ch sf"]
[Site "Lisbon"]
[Date "2008.04.25"]
[Round "2"]
[White "Morais, Vitor Mestre"]
[Black "Nanques, Helder Manuel Perei"]
[Result "1/2-1/2"]
[WhiteElo "2135"]
[BlackElo "1864"]
[PlyCount "88"]
[EventDate "2008.04.21"]
[EventType "swiss"]
[EventRounds "8"]
[EventCountry "POR"]
[SourceTitle "EXT 2022"]
[Source "ChessBase"]
[SourceDate "2021.10.06"]
[SourceVersion "1"]
[SourceVersionDate "2021.10.06"]
[SourceQuality "1"]

1. c4 c5 2. Nc3 Nc6 3. g3 g6 4. Bg2 Bg7 5. e3 e6 6. Nge2 Nge7 7. d4 cxd4 8. exd4 d5 9. cxd5 Nxd5 10. 0-0 0-0 11. Nxd5 exd5 12. Be3 Be6 13. Nf4 Qd7 14. Qd2 Rac8 15. Rac1 Ne7 16. b3 b6 17. Rfe1 Nf5 18. Nxe6 Qxe6 19. Bf4 Rxc1 20. Qxc1 Rc8 21. Qd2 Qd7 22. Bh3 Rc6 23. Bxf5 Qxf5 24. Re8+ Bf8 25. Qb4 Qb1+ 26. Kg2 Qe4+ 27. Rxe4 Bxb4 28. Re8+ Kg7 29. Rd8 Rc2 30. a4 Rc3 31. Rxd5 Rxb3 32. Rd7 a5 33. Rb7 Be1 34. d5 Rd3 35. d6 Kf6 36. h4 Bb4 37. Rxb6 Ke6 38. Ra6 Rd5 39. Kf3 h5 40. Ke4 Rd1 41. Kf3 Rd3+ 42. Ke2 Rd5 43. Ra7 f6 44. Ra6 Kf5 1/2-1/2

[Event "Lisbon-ch final"]
[Site "Lisbon"]
[Date "2007.06.29"]
[Round "9"]
[White "Nanques, Helder Manuel Perei"]
[Black "Cadeirinhas, David Eduardo Lour"]
[Result "1/2-1/2"]
[WhiteElo "1918"]
[BlackElo "1615"]
[PlyCount "31"]
[EventDate "2007.06.15"]
[EventType "swiss"]
[EventRounds "9"]
[EventCountry "POR"]
[SourceTitle "EXT 2018"]
[Source "ChessBase"]
[SourceDate "2017.10.13"]
[SourceVersion "1"]
[SourceVersionDate "2017.10.13"]
[SourceQuality "1"]

1. e4 e5 2. Nf3 Nc6 3. Bc4 Bc5 4. c3 d6 5. b4 Bb6 6. d3 h6 7. a4 a6 8. Be3 Bxe3 9. fxe3 Bg4 10. 0-0 Nce7 11. Qb3 f6 12. Bf7+ Kf8 13. d4 b5 14. dxe5 fxe5 15. Nxe5 Nf6 16. Nxg4 1/2-1/2

[Event "Lisbon-ch final"]
[Site "Lisbon"]
[Date "2007.06.26"]
[Round "7"]
[White "Nanques, Helder Manuel Perei"]
[Black "Alves, Luis Miguel Guerrei"]
[Result "1/2-1/2"]
[WhiteElo "1918"]
[BlackElo "1889"]
[PlyCount "42"]
[EventDate "2007.06.15"]
[EventType "swiss"]
[EventRounds "9"]
[EventCountry "POR"]
[SourceTitle "EXT 2018"]
[Source "ChessBase"]
[SourceDate "2017.10.13"]
[SourceVersion "1"]
[SourceVersionDate "2017.10.13"]
[SourceQuality "1"]

1. d4 Nf6 2. Nf3 g6 3. e3 Bg7 4. Be2 c6 5. c4 0-0 6. 0-0 d5 7. Nc3 Bg4 8. Qb3 Qb6 9. Na4 Qxb3 10. axb3 Nbd7 11. Nc3 Bxf3 12. Bxf3 e6 13. Ra2 Nb6 14. Be2 a6 15. Na4 Nxa4 16. bxa4 Rfc8 17. c5 a5 18. Bd2 Ne4 19. Bc3 Bh6 20. Bd3 Nxc3 21. bxc3 Bg5 1/2-1/2

[Event "Lisbon-ch qual"]
[Site "Olival Basto"]
[Date "2006.03.24"]
[Round "9"]
[White "Lopes, Carlos Correia"]
[Black "Nanques, Helder Manuel Perei"]
[Result "1-0"]
[WhiteElo "2010"]
[BlackElo "1931"]
[PlyCount "71"]
[EventDate "2006.03.06"]
[EventType "swiss"]
[EventRounds "10"]
[EventCountry "POR"]
[SourceTitle "EXT 2008"]
[Source "ChessBase"]
[SourceDate "2007.11.25"]
[SourceVersion "1"]
[SourceVersionDate "2007.11.25"]
[SourceQuality "1"]

1. d4 d5 2. c4 c6 3. cxd5 cxd5 4. Nf3 Nf6 5. Nc3 e6 6. Bg5 Be7 7. e3 Nc6 8. Bd3 Bd7 9. Ne5 0-0 10. f4 Ne8 11. Bxe7 Qxe7 12. 0-0 f6 13. Bxh7+ Kxh7 14. Qh5+ Kg8 15. Ng6 Qd6 16. Rf3 a6 17. Raf1 f5 18. Rg3 Nf6 19. Qh8+ Kf7 20. Ne5+ Nxe5 21. Qxg7+ Ke8 22. fxe5 Qb4 23. exf6 Rf7 24. Qh8+ Rf8 25. Qh5+ Kd8 26. Qh6 Kc7 27. Rg7 Qxb2 28. Na4 Qa3 29. Nc5 Rfd8 30. Nxe6+ Kd6 31. Nxd8 Rxd8 32. f7+ Be6 33. Rg8 f4 34. f8Q+ Rxf8 35. Qxf8+ Kc6 36. Qxa3 1-0

[Event "Lisbon-ch qual"]
[Site "Olival Basto"]
[Date "2006.03.10"]
[Round "3"]
[White "Guerra, Vitor Manuel Vestia"]
[Black "Nanques, Helder Manuel Perei"]
[Result "0-1"]
[WhiteElo "2246"]
[BlackElo "1931"]
[PlyCount "151"]
[EventDate "2006.03.06"]
[EventType "swiss"]
[EventRounds "10"]
[EventCountry "POR"]
[SourceTitle "EXT 2008"]
[Source "ChessBase"]
[SourceDate "2007.11.25"]
[SourceVersion "1"]
[SourceVersionDate "2007.11.25"]
[SourceQuality "1"]

1. d4 d5 2. Nf3 Nf6 3. g3 g6 4. Bg2 Bg7 5. 0-0 0-0 6. c4 c6 7. Nc3 Be6 8. cxd5 Bxd5 9. Qd3 Bxf3 10. Bxf3 e6 11. b4 Nd5 12. Nxd5 cxd5 13. Bd2 Qb6 14. e3 Rc8 15. Rfc1 Nd7 16. Rab1 Qd6 17. Qb3 Nb6 18. Be2 Qd7 19. b5 Bf6 20. a4 Rxc1+ 21. Rxc1 Rc8 22. a5 Rxc1+ 23. Bxc1 Qc7 24. Bb2 Nc8 25. h4 Nd6 26. Ba3 Bd8 27. Bc5 b6 28. axb6 axb6 29. Bb4 Ne4 30. Kg2 h5 31. Bd3 Nf6 32. Qa3 Qb7 33. Be2 Ne8 34. Kg1 Ng7 35. Bd6 Nf5 36. Qb4 Nxd6 37. Qxd6 Be7 38. Qe5 Bd8 39. Qd6 Be7 40. Qf4 Bd8 41. Kg2 Qc7 42. Qf3 Qe7 43. Bd3 Kg7 44. Qd1 Qb7 45. Be2 Kf8 46. Qd3 f5 47. Qd2 Qc7 48. Qa2 Qd7 49. Bd3 Kg7 50. Qa1 Qe7 51. Qa8 Kf7 52. Be2 Qc7 53. Qa1 Ke7 54. Qa3+ Qd6 55. Qc3 Qc7 56. Qd2 Kf8 57. Bd1 Kg7 58. Bb3 Be7 59. Qd3 Bd8 60. f3 Bf6 61. e4 fxe4 62. fxe4 dxe4 63. Qxe4 Qd7 64. Bxe6 Qxd4 65. Qb7+ Kh6 66. Kh3 Qf2 67. Qd5 Qf1+ 68. Kh2 Qf2+ 69. Kh3 Qf1+ 70. Kh2 Qe2+ 71. Kh3 Be5 72. Qb3 Qf1+ 73. Kh2 Qe2+ 74. Kh3 Bd4 75. Bd5 Bg1 76. Bg2 0-1

[Event "Lisbon-ch 15th"]
[Site "Lisbon"]
[Date "2005.05.06"]
[Round "3"]
[White "Ferreira, Joao Guerreiro"]
[Black "Nanques, Helder Manuel Perei"]
[Result "1-0"]
[WhiteElo "1952"]
[BlackElo "1902"]
[PlyCount "69"]
[EventDate "2005.05.02"]
[EventType "tourn"]
[EventRounds "11"]
[EventCountry "POR"]
[SourceTitle "CBM 106 Extra"]
[Source "ChessBase"]
[SourceDate "2005.07.01"]
[SourceVersion "1"]
[SourceVersionDate "2005.07.01"]
[SourceQuality "1"]

1. e4 d5 2. exd5 Qxd5 3. Nc3 Qa5 4. d4 Nf6 5. Bd2 c6 6. Bd3 Qc7 7. Nge2 e6 8. Ne4 Nxe4 9. Bxe4 Nd7 10. c3 Nf6 11. Bd3 Bd6 12. f4 Bd7 13. Qc2 Nd5 14. g3 h5 15. 0-0-0 0-0-0 16. Rhf1 g6 17. a3 c5 18. c4 Nf6 19. dxc5 Bxc5 20. Bc3 Be7 21. Be5 Qa5 22. Nc3 Rhg8 23. Nb5 Ne8 24. Kb1 Bc6 25. Qc3 Qa6 26. Bc2 b6 27. Rxd8+ Bxd8 28. Rd1 Qb7 29. Rd6 Bxb5 30. cxb5+ Bc7 31. Rc6 Kb8 32. Qd4 Qc8 33. Be4 Rf8 34. Rxb6+ axb6 35. Qxb6+ 1-0